| 000 | 00356nam a2200133Ia 4500 | ||
|---|---|---|---|
| 008 | 150202s9999 xx 000 0 und d | ||
| 020 | _a425100650 | ||
| 050 |
_aFIC _bFIC |
||
| 100 | _aKoontz, Dean R. | ||
| 245 |
_aTwilight eyes / _cDean R. Koontz. |
||
| 260 |
_aNew York : _bBerkley Books, _c1987. |
||
| 300 |
_a450 pages : _c18 cm. |
||
| 650 | _aFiction. | ||
| 999 |
_c282170 _d282170 |
||